Egyházi hir
Správa o tom, že v Humennom v júli roku 1913 ukončil svoje pôsobenie katechéta, rímskokatolícky farár Imrich (Imre) Jeczuskó, ktorého košický biskup preložil do Veľkého Šariša.
| Médium: | Článok |
|---|---|
| Jazyk: | Hungarian |
| Témy: | |
| Zdroj: |
1. Homonna és Vidéke : Hetilap 1. Roč. 13, č. 30 (20.07.1913) s. 2 |
| LEADER | 01005nab#a2200325#ar4500 | ||
|---|---|---|---|
| 001 | 000072009 | ||
| 003 | SVKKK | ||
| 005 | 20020116xxxxxxx. | ||
| 008 | 06 c xo huno | ||
| FMT | |||
| 038 | |a SVKKK | ||
| 040 | |a SVKKK |b slo |e AACR2 | ||
| 041 | 0 | |a hun | |
| 044 | |a xo |c SK | ||
| 080 | |a 282 | ||
| 242 | 1 | 0 | |a Cirkevné správy |
| 245 | 0 | 0 | |a Egyházi hir |
| 500 | |a mikrofilm | ||
| 520 | 2 | |a Správa o tom, že v Humennom v júli roku 1913 ukončil svoje pôsobenie katechéta, rímskokatolícky farár Imrich (Imre) Jeczuskó, ktorého košický biskup preložil do Veľkého Šariša. | |
| 650 | 0 | 4 | |a Jeczuskó, Imrich (katechéta) - Humenné - pôsobenie ukončené - Veľký Šariš (PO) - preloženie - júl 1913 - správy |
| 773 | 0 | |t Homonna és Vidéke : Hetilap |g Roč. 13, č. 30 (20.07.1913) s. 2 | |
| 957 | |a Humenné | ||
| 957 | |a Veľký Šariš | ||
| 958 | |a CI | ||
| 958 | |a DG | ||
| 958 | |a SK | ||
| 974 | |a Ba |d 20020116 | ||
| 992 | |a RBX | ||
| BAS | |||
| 998 | |a RETRO | ||